000 00624pam a2200229 a 4500
001 3768439
005 20180227081051.0
008 830516s1984 njua b 001 0 eng
010 _a 83010950
020 _a0137687397
040 _aDLC
_cDLC
_dDLC
041 _aeng
043 _an-us---
080 _a790.0973 BUC
082 0 0 _a790.0973 BUC
_219
100 1 _a50
101 _aSOC
245 1 0 _aRecreation for today's society /
_cCharles A. Bucher, Jay S. Shivers, Richard D. Bucher.
504 _aIncludes bibliographies and index.
906 _a7
_bcbc
_corignew
_d1
_eocip
_f19
_gy-gencatlg
942 _2ddc
_cBK
999 _c43620
_d43620